[Event "SD-2021-0-00317"]
[Site "LSS email"]
[Date "2021.01.29"]
[Round "?"]
[White "Lonyuk, Bohdan"]
[Black "Laczay, Istvan"]
[Result "1/2-1/2"]
[WhiteElo "1414"]
[BlackElo "1587"]
[PlyCount "48"]
[EventDate "2020.09.13"]
[EventType "tourn (corr)"]
[EventRounds "6"]
[EventCountry "GER"]
[SourceTitle "Corr 2024"]
[Source "ChessBase"]
[SourceDate "2023.10.19"]
[SourceVersion "1"]
[SourceVersionDate "2023.10.19"]
[SourceQuality "1"]

1. e4 c5 2. Nf3 d6 3. Bb5+ Nd7 4. d4 cxd4 5. Qxd4 a6 6. Be2 Ngf6 7. 0-0 g6 8. Nc3 Bg7 9. Rd1 0-0 10. e5 Ne8 11. Qh4 Nxe5 12. Nd5 Nf6 13. Nxe5 dxe5 14. Nxf6+ Bxf6 15. Bg5 Bxg5 16. Qxg5 Qc7 17. Rd2 Bf5 18. Rad1 Rfd8 19. c4 Rac8 20. Qe3 Kg7 21. Rxd8 Rxd8 22. Rxd8 Qxd8 23. Qxe5+ f6 24. Qe3 e5 1/2-1/2

[Event "RC-2021-0-00250"]
[Site "LSS email"]
[Date "2021.01.09"]
[Round "?"]
[White "Herzog, Agnes"]
[Black "Laczay, Istvan"]
[Result "1-0"]
[WhiteElo "1729"]
[BlackElo "1600"]
[PlyCount "115"]
[EventDate "2020.09.26"]
[EventType "tourn (corr)"]
[EventRounds "6"]
[EventCountry "GER"]
[SourceTitle "Corr 2022"]
[Source "ChessBase"]
[SourceDate "2021.10.24"]
[SourceVersion "1"]
[SourceVersionDate "2021.10.24"]
[SourceQuality "1"]

1. e4 c5 2. Nf3 d6 3. d4 cxd4 4. Nxd4 Nf6 5. Nc3 a6 6. Bg5 Nbd7 7. f4 Qb6 8. Nb3 h6 9. Bxf6 Nxf6 10. Qd2 e5 11. 0-0-0 Be7 12. f5 Bd7 13. Qd3 0-0 14. Nd2 Qc7 15. h4 b5 16. g4 b4 17. Nd5 Nxd5 18. Qxd5 Rac8 19. Qb3 a5 20. Ba6 a4 21. Qd3 Ra8 22. Bc4 Rfc8 23. Kb1 a3 24. b3 Qc5 25. g5 hxg5 26. hxg5 Bxg5 27. Bd5 Bc6 28. Qh3 Bh6 29. Nc4 Bxd5 30. Rxd5 Qf2 31. Rxd6 f6 32. Qg4 Rc7 33. Qg1 Qxg1+ 34. Rxg1 Rf8 35. c3 bxc3 36. Kc2 Bg5 37. Rgd1 g6 38. Rd7 Rxd7 39. Rxd7 gxf5 40. exf5 Bd2 41. Nd6 Rb8 42. Rc7 Rb4 43. Rc4 Rb6 44. Ne4 Kg7 45. Ra4 Kh6 46. Rxa3 Kh5 47. Ra4 Bf4 48. Rc4 Kg4 49. a4 Kxf5 50. b4 Ke6 51. Nxc3 f5 52. a5 Ra6 53. Nb5 Kf7 54. Nc7 Rh6 55. Nd5 Bg5 56. b5 Ke6 57. Nc3 Kd7 58. a6 1-0

[Event "RC-2021-0-00250"]
[Site "LSS email"]
[Date "2021.01.08"]
[Round "?"]
[White "Laczay, Istvan"]
[Black "Langheld, Werner"]
[Result "1/2-1/2"]
[WhiteElo "1600"]
[BlackElo "1652"]
[PlyCount "52"]
[EventDate "2020.09.26"]
[EventType "tourn (corr)"]
[EventRounds "6"]
[EventCountry "GER"]
[SourceTitle "Corr 2022"]
[Source "ChessBase"]
[SourceDate "2021.10.24"]
[SourceVersion "1"]
[SourceVersionDate "2021.10.24"]
[SourceQuality "1"]

1. d4 d5 2. Nf3 e6 3. c4 b6 4. cxd5 exd5 5. Nc3 Bb7 6. e4 dxe4 7. Ne5 Bd6 8. Qg4 Kf8 9. Bc4 Bxe5 10. dxe5 Nc6 11. Qxe4 Qe8 12. Bf4 Rd8 13. Bb5 a6 14. Ba4 b5 15. Bb3 Nge7 16. 0-0 Na5 17. Qe3 Nxb3 18. axb3 Kg8 19. Qa7 Qc6 20. f3 Ra8 21. Qf2 Ng6 22. Ne2 Qe6 23. Qe3 h6 24. Rfc1 Rc8 25. Nd4 Qb6 26. b4 Kh7 1/2-1/2

[Event "SD-2021-0-00315"]
[Site "LSS email"]
[Date "2021.01.07"]
[Round "?"]
[White "Laczay, Istvan"]
[Black "Chronopoulos, Antonios"]
[Result "1-0"]
[WhiteElo "1592"]
[BlackElo "1415"]
[PlyCount "61"]
[EventDate "2020.07.21"]
[EventType "tourn (corr)"]
[EventRounds "6"]
[EventCountry "GER"]
[SourceTitle "Corr 2024"]
[Source "ChessBase"]
[SourceDate "2023.10.19"]
[SourceVersion "1"]
[SourceVersionDate "2023.10.19"]
[SourceQuality "1"]

1. d4 Nf6 2. Nf3 e6 3. c4 d5 4. Nc3 Nbd7 5. cxd5 exd5 6. Bg5 h6 7. Bf4 c6 8. Qb3 Nh5 9. Be5 Nxe5 10. dxe5 Nf4 11. e3 Ne6 12. Be2 Bc5 13. 0-0-0 a5 14. Qc2 0-0 15. Kb1 a4 16. a3 b5 17. Ne4 Qe7 18. Nxc5 Nxc5 19. Nd4 Bd7 20. f4 Rfb8 21. Bg4 Bxg4 22. Nxc6 Bxd1 23. Nxe7+ Kh8 24. Rxd1 Ne6 25. Qf5 Rf8 26. Ng6+ fxg6 27. Qxe6 b4 28. axb4 Kh7 29. Rxd5 Rfe8 30. Qd7 Rg8 31. b5 1-0

[Event "RC-2020-0-00250"]
[Site "LSS email"]
[Date "2020.12.23"]
[Round "?"]
[White "Laczay, Istvan"]
[Black "Brayman, Neal Zvi"]
[Result "1/2-1/2"]
[WhiteElo "1600"]
[BlackElo "1702"]
[PlyCount "59"]
[EventDate "2020.09.26"]
[EventType "tourn (corr)"]
[EventRounds "6"]
[EventCountry "GER"]
[SourceTitle "Corr 2022"]
[Source "ChessBase"]
[SourceDate "2021.10.24"]
[SourceVersion "1"]
[SourceVersionDate "2021.10.24"]
[SourceQuality "1"]

1. d4 d5 2. c4 Nc6 3. Nf3 Bg4 4. Nc3 e6 5. cxd5 exd5 6. h3 Bf5 7. Bf4 Bd6 8. e3 Bxf4 9. exf4 Nge7 10. Be2 Qd6 11. Qd2 f6 12. Nh4 0-0-0 13. 0-0 Kb8 14. Rfe1 a6 15. Rad1 h6 16. Bh5 g5 17. Nxf5 Nxf5 18. Ne2 Ng7 19. Bf3 Ne6 20. f5 Ng7 21. g4 h5 22. Ng3 hxg4 23. hxg4 Rh4 24. Rc1 Rdh8 25. Rc5 Rh3 26. Re3 Rxg3+ 27. fxg3 Qxg3+ 28. Qg2 Qf4 29. Rd3 Ne8 30. Qd2 1/2-1/2

[Event "RC-2020-0-00250"]
[Site "LSS email"]
[Date "2020.12.20"]
[Round "?"]
[White "Cruz Ramirez, Eliecer"]
[Black "Laczay, Istvan"]
[Result "1-0"]
[WhiteElo "1789"]
[BlackElo "1600"]
[PlyCount "127"]
[EventDate "2020.09.26"]
[EventType "tourn (corr)"]
[EventRounds "6"]
[EventCountry "GER"]
[SourceTitle "Corr 2022"]
[Source "ChessBase"]
[SourceDate "2021.10.24"]
[SourceVersion "1"]
[SourceVersionDate "2021.10.24"]
[SourceQuality "1"]

1. e4 c5 2. Nf3 d6 3. d4 cxd4 4. Nxd4 Nf6 5. Nc3 a6 6. Be2 e5 7. Nb3 Be7 8. 0-0 0-0 9. Be3 Be6 10. Qd2 Nbd7 11. a4 Nb6 12. a5 Nc4 13. Bxc4 Bxc4 14. Rfd1 Qc7 15. Nc1 Rac8 16. Bb6 Qc6 17. f3 Be6 18. Nd3 Bd8 19. Be3 h6 20. Ra3 Be7 21. Nb4 Qd7 22. Raa1 Bd8 23. b3 Bxa5 24. Rxa5 Qc7 25. Ncd5 Qxa5 26. Nxf6+ gxf6 27. Bxh6 Qc7 28. Qe1 Kh7 29. Bxf8 Rxf8 30. f4 Rh8 31. f5 a5 32. fxe6 axb4 33. e7 Qxe7 34. Qxb4 Qc7 35. Rxd6 Qxc2 36. Rxf6 Qc1+ 37. Rf1 Qe3+ 38. Kh1 Qe2 39. Re1 Qf2 40. h3 b6 41. Rg1 Ra8 42. Qe7 Qf4 43. Qd6 Ra2 44. Qxb6 Re2 45. Qa6 Qxe4 46. Qf6 Qg6 47. Qf3 Re4 48. Kh2 Rf4 49. Qc3 Qd6 50. Re1 Rd4 51. Qg3 f6 52. Re3 Rf4 53. Rc3 Rd4 54. b4 Rxb4 55. Rc8 Rd4 56. Qg8+ Kh6 57. Qh8+ Kg5 58. Rg8+ Kf5 59. Qh5+ Ke6 60. Re8+ Kd5 61. Qf7+ Kc5 62. Qa7+ Kc4 63. Re6 Qd7 64. Qa2+ 1-0

[Event "RC-2020-0-00247"]
[Site "LSS email"]
[Date "2020.10.08"]
[Round "?"]
[White "Laczay, Istvan"]
[Black "Korchut, Adam"]
[Result "0-1"]
[WhiteElo "1641"]
[BlackElo "1753"]
[PlyCount "40"]
[EventDate "2020.07.09"]
[EventType "tourn (corr)"]
[EventRounds "6"]
[EventCountry "GER"]
[SourceTitle "Corr 2022"]
[Source "ChessBase"]
[SourceDate "2021.10.24"]
[SourceVersion "1"]
[SourceVersionDate "2021.10.24"]
[SourceQuality "1"]

1. d4 d5 2. Nf3 Nc6 3. c4 Bg4 4. Nc3 e6 5. cxd5 exd5 6. h3 Be6 7. Bf4 Bd6 8. e3 Bxf4 9. exf4 Qd6 10. Nb5 Qe7 11. Be2 Nf6 12. 0-0 0-0 13. Ne5 Ne4 14. Qc2 Nxe5 15. fxe5 c6 16. Nc3 f5 17. Rac1 Rae8 18. Bd3 Qh4 19. Qa4 Ng5 20. f3 f4 0-1